| 000 | 00553nam a22001932 4500 | ||
|---|---|---|---|
| 001 | 0000020800 | ||
| 005 | 20151217152222.0 | ||
| 008 | 111017s xx 000 0 eng d | ||
| 020 | _a1907377297 : | ||
| 040 |
_aKABU _cKABU |
||
| 245 | 1 | 0 |
_aPreaching Job : _btalk outlines for the book of job. |
| 250 | _a1st ed. | ||
| 260 |
_aLondon : _bGood Book, _c2010. |
||
| 300 | _a48 p. | ||
| 650 | 0 |
_aBible. O. T. Job _xStudy and teaching. _@0000181364 |
|
| 852 | 1 | _9p100 KES | |
| 908 | _a111017 | ||
| 950 | _@1 | ||
| 999 |
_c9505 _d9505 |
||